P1harmony - Stupid brain - Statistics

General Stats
  • This quiz has been taken 65 times
  • The average score is 242 of 354
Answer Stats
Answer % Correct
I
95%
my
92%
a
87%
me
87%
of
87%
so
84%
do
82%
I'm
79%
it
79%
brain
76%
could
76%
in
76%
just
76%
off
76%
oh
76%
stupid
76%
wish
76%
on
74%
shut
74%
think
74%
to
74%
again
71%
can't
71%
for
71%
let
68%
sometimes
68%
stop
68%
the
68%
this
68%
turn
68%
why
68%
day
66%
doing
66%
go
66%
life
66%
losing
66%
yeah
66%
all
63%
and
63%
friends
63%
head
63%
man
63%
no
63%
room
63%
sick
63%
that
63%
way
63%
don't
61%
full
61%
hold
61%
listen
61%
look
61%
need
61%
never
61%
overthinking
61%
survive
61%
try
61%
wanna
61%
at
58%
cause
58%
does
58%
everybody
58%
up
58%
while
58%
about
55%
but
55%
live
55%
once
55%
say
55%
slowly
55%
spent
55%
stare
55%
things
55%
tryna
55%
years
55%
ain't
53%
away
53%
blessings
53%
down
53%
feeling
53%
indecision
53%
like
53%
shake
53%
worried
53%
falling
50%
it's
50%
slipping
50%
vision
50%
with
50%
is
47%
running
47%
too
47%
fast
45%
slide
45%
spinning
45%
keeps
42%
somebody
42%
many
39%
switch
39%
what
39%
bunch
37%
got
37%
metal
37%
scrap
37%
trying
37%
little
34%
dead
32%
ooh
32%
please
32%
already
29%
make
29%
wearily
29%
better
26%
give
26%
own
26%
sec
26%
someone
26%
stops
24%
their
24%
No matching quizzes found
Score Distribution
Percent of People with Each Score
Percentile by Number Answered
Your Score History
You have not taken this quiz